| 000 | 00682cam a2200181 i 4500 | ||
|---|---|---|---|
| 005 | 20260224101503.0 | ||
| 008 | 250721s2005 jo gr 000 0 ara d | ||
| 082 | 1 | 4 |
_a415 _bس ا م |
| 100 | 1 |
_aالسامرائي، فاضل صالح _eمؤلف. |
|
| 245 | 1 | 2 |
_aالدراسات النحوية واللغوية عند الزمخشري / _cالدكتور فاضل صالح السامرائي. |
| 250 | _aالطبعة الأولى. | ||
| 264 | 3 | 1 |
_aعمان : _bدار عمار للنشر والتوزيع، _c2005. |
| 300 | _a404 صفحة. | ||
| 650 | 1 | 7 | _aاللغة العربية. |
| 650 | 1 | 7 | _aقواعد اللغة. |
| 942 |
_2ddc _cBK |
||
| 999 |
_c93560 _d93560 |
||